<?xml version="1.0" encoding="UTF-8"?>
<marc:record xmlns:marc="http://www.loc.gov/MARC21/slim">
   <marc:leader>00000nam a2200000 a 4500</marc:leader>
   <marc:datafield ind1="1" ind2=" " tag="100">
      <marc:subfield code="a">Neumeier, Marina</marc:subfield>
      <marc:subfield code="4">aut</marc:subfield>
      <marc:subfield code="e">Verfasser/-in</marc:subfield>
   </marc:datafield>
   <marc:datafield ind1=" " ind2=" " tag="653">
      <marc:subfield code="a">Erbe</marc:subfield>
   </marc:datafield>
   <marc:datafield ind1=" " ind2=" " tag="653">
      <marc:subfield code="a">Venedig</marc:subfield>
   </marc:datafield>
   <marc:datafield ind1="0" ind2="0" tag="245">
      <marc:subfield code="a">Sense of Love</marc:subfield>
   </marc:datafield>
   <marc:datafield ind1="0" ind2="0" tag="245">
      <marc:subfield code="b">mit jedem unserer Worte Band 3</marc:subfield>
   </marc:datafield>
   <marc:datafield ind1=" " ind2="1" tag="264">
      <marc:subfield code="b">Loewe</marc:subfield>
      <marc:subfield code="c">2023</marc:subfield>
   </marc:datafield>
   <marc:datafield ind1="1" ind2=" " tag="490">
      <marc:subfield code="a">Loewe intense</marc:subfield>
   </marc:datafield>
   <marc:datafield ind1="1" ind2=" " tag="520">
      <marc:subfield code="a">Damit sie das traditionsreiche Theater in Venedig nicht verkauft, muss Livia von der Schönheit ihrer Heimatstadt überzeugt werden. (ab 16) (DR) Nach dem Tod ihres Vaters kehrt die glamouröse Livia widerwillig nach Venedig zurück, obwohl sie keinerlei Verbindung zur Stadt spürt. Sie zieht sich völlig zurück, ignoriert sogar ihre besten Freundinnen. Als das Testament eröffnet wird, erfährt die junge Frau überraschend, dass sie das gesamte Vermögen ihres Vaters geerbt hat, einschließlich des Dolfin Theaters. Durch eine zufällige Begegnung lernt sie Luca kennen, der als Gondoliere arbeitet und Venedig über alles liebt. Sie schließen einen Pakt: Wenn es Luca gelingt, Livia die Schönheit der Stadt zu zeigen, wird sie das Theater nicht verkaufen. Zögernd stimmt sie zu und kann schon bald die Schmetterlinge in ihrem Bauch nicht mehr ignorieren. Auch im dritten Teil der Love-Trilogie bleibt die Autorin ihrem Schreibstil treu. Sofort versetzt sie die Leser*innen nach Venedig und vermittelt Urlaubsgefühle. Die Protagonist*innen sind authentisch dargestellt, und auch für die anfangs kratzbürstige Livia kann man sich mit der Zeit erwärmen. Wie auch in den vorherigen Bänden werden in diesem Buch potenzielle Triggerthemen behandelt, die auf der letzten Seite angeführt werden. Der Liebesroman liest sich flüssig und ist ideal für die Ferienzeit geeignet. Der abschließende Teil der Reihe ist eine empfehlenswerte Ergänzung des Bestands, geeignet für Leser*innen ab 16 Jahren.</marc:subfield>
   </marc:datafield>
   <marc:datafield ind1=" " ind2=" " tag="020">
      <marc:subfield code="a">9783743214941</marc:subfield>
      <marc:subfield code="9">9783743214941</marc:subfield>
   </marc:datafield>
</marc:record>
